000
00297nam a22001337a 4500
008
180928b xxu||||| |||| 00| 0 eng d
020
_a
020124800
041
_a
eng
080
_a
510
100
_a
37
101
_a
MAT
245
_a
Addison - Wessley Mathematics
_c
Eicholz, R.E
942
_2
udc
_c
BK
999
_c
48646
_d
48646